| 000 | 01082nam a22002657a 4500 | ||
|---|---|---|---|
| 005 | 20170124102924.0 | ||
| 010 | _aB-072933 | ||
| 020 |
_c300.00 _a8176750719 |
||
| 035 | _aB-072933 | ||
| 037 | _bCen Lib/Ret | ||
| 040 |
_aDPL _bHN |
||
| 082 |
_a820.8 _bकमला |
||
| 100 |
_aकमला प्रसाद _9210 |
||
| 245 |
_aआलोचक और आलोचना / _cकमला प्रसाद |
||
| 246 |
_aAlochak or Alochna _bKamla Prasad |
||
| 260 |
_aपंचकुला _bआधार प्रकाशन _c2002 |
||
| 270 |
_a एस सी ऍफ़ 267,सेक्टर -16 पंचकुला _bपंचकुला (हरियाणा ) _e134113 |
||
| 300 |
_a315पृष्ठ. _c21सजिल्द |
||
| 650 |
_aहिंदी साहित्य _942752 |
||
| 650 |
_aहिंदी आलोचना _97 |
||
| 650 |
_aहिंदी लिटरेचर _942753 |
||
| 650 |
_aहिंदी क्रिटिस्म _92243 |
||
| 700 | _942583 | ||
| 942 |
_2ddc _cHN _h820.8 _mकमला |
||
| 999 |
_c111426 _d111426 |
||